Cvičíme s mládeží /

Hlavní autor: Žižka, Jiří
Další autoři: Wirth, Otakar, Košák, Stanislav
Jazyk: Čeština
Vydáno: Praha : Sportovní a turistické nakladatelství, 1964
Vydání: 1.vyd.
Témata:
Fyzický popis: 30 s. + 48 příl.
Knihy
Uloženo v:
LEADER 01045nam a22002772a 4500
001 000306205
003 CZ BrMZK
005 20131217094521.0
007 ta
008 980107s1964 xr ||||f |||||||||||cze d
015 |a cnb000479772 
040 |a BOA001  |b cze 
100 1 |a Žižka, Jiří  |7 jk01153203  |4 aut 
245 1 0 |a Cvičíme s mládeží /  |c Jiří Žižka, Stanislav Košák, Otakar Wirth 
250 |a 1.vyd. 
260 |a Praha :  |b Sportovní a turistické nakladatelství,  |c 1964 
300 |a 30 s. +  |e 48 příl. 
504 |a Obsahuje bibliografii 
700 1 |a Wirth, Otakar  |4 aut 
700 1 |a Košák, Stanislav  |7 jk01062032  |4 aut 
910 |a BOA001  |b 2-0526.974  |b PK-0037.822 
964 |a Výchova tělesná - příručky 
990 |a BK 
996 7 |b 2619039268  |c 2-0526.974  |l HP2  |r DEN  |n 0  |w 000306205  |u 000040  |a 1  |e BOA001  |j MZK50  |s A 
996 7 |b 3119909949  |c PK-0037.822  |l MZK  |r Sklad / do 1 hodiny  |n 1  |w 000306205  |u 000020  |a 1  |e BOA001  |j MZK50  |s A 
996 7 |b 3119909950  |c PK-0037.822  |l MZK  |r Sklad / do 1 hodiny  |n 2  |w 000306205  |u 000010  |a 1  |e BOA001  |j MZK50  |s A